| 000 | 01276nac a22002651u 4500 | ||
|---|---|---|---|
| 090 | _c | ||
| 008 | 090203t xxu||||| |||| 00| 0 eng d | ||
| 010 | _a98026288 | ||
| 020 | _a0070582335 | ||
| 020 | _a0072411635 | ||
| 082 |
_a005.133 _bCOH |
||
| 100 | _aCohoon, James P. | ||
| 245 |
_aC++ program design : _cJames P. Cohoon, Jack W. Davidson. _bAn introduction to programming and object-oriented design / |
||
| 250 | _a3rd ed. | ||
| 260 |
_aNew Delhi : _bTata McGraw-Hill, _cc2002. |
||
| 300 |
_axxxvii, 948 p. : _bill. ; _c24 cm.+ _e1 CD-ROM (4 3/4 in.) |
||
| 504 | _aIncludes bibliographical references and index. | ||
| 538 | _aSystem requirements for accompanying computer disc: Borland C++ 5.02; Microsoft Visual C++ 5.0; UNIX X/11. | ||
| 650 | _aC++ (Computer program language) | ||
| 650 | _aObject-oriented programming (Computer science) | ||
| 700 | 1 |
_aDavidson, Jack W. _aq (Jack Winfred) |
|
| 942 |
_cBB _k005.133COH _2ddc |
||
| 999 |
_c10658 _d10658 |
||